| 000 | 00565nam a2200217Ia 4500 | ||
|---|---|---|---|
| 001 | 15757 | ||
| 003 | 31608 | ||
| 005 | 20241130064454.0 | ||
| 008 | ||||||n9999 ||| || || | ||
| 041 | _aspa | ||
| 110 |
_aInstituto de Seguros Sociales _912192 |
||
| 245 | 0 | _aMemorias enero 1993-junio 1994 | |
| 260 |
_aBogotá : _bInstituto de Seguros Sociales, _c1994. |
||
| 300 | _a80p | ||
| 562 | _e1 | ||
| 650 | 0 |
_aInforme de actividades _94215 |
|
| 650 |
_aLEYES _97907 |
||
| 650 | 0 |
_aPensiones _912195 |
|
| 650 | 0 |
_aSeguridad social _93891 |
|
| 942 | _cDO-GO | ||
| 999 |
_c15757 _d15757 |
||